Municipalities in Dukes County, MA (Martha's Vineyard) - Statistics

General Stats
  • This quiz has been taken 89 times
  • The average score is 6 of 7
Answers on the Map
Answers color-coded by a green-red scale on the quiz's map according to % correct below.
 
Answer Stats
Population City/Town % Correct
439 Aquinnah
94%
5,168 Edgartown
88%
5,341 Oak Bluffs
88%
4,815 Tisbury
78%
3,555 West Tisbury
78%
70 Gosnold
75%
1,212 Chilmark
69%
No matching quizzes found
Score Distribution
Percent of People with Each Score
Percentile by Number Answered
Your Score History
You have not taken this quiz